| Tag |
First Indicator |
Second Indicator |
Subfields |
| LEADER |
00000cam a22000001a 4500 |
| 001 |
in00003384809 |
| 006 |
m d f |
| 007 |
cr bn mmmapmmp |
| 008 |
100727s2003 dcu o f000 0 eng d |
| 005 |
20260501142820.6 |
| 035 |
|
|
|a cis2007901804
|
| 040 |
|
|
|a ProQuest
|c ProQuest
|d UtOrBLW
|
| 043 |
|
|
|a n-us---
|
| 099 |
|
|
|a CRS-2003-FDT-0635
|
| 110 |
2 |
|
|a Library of Congress.
|b Congressional Research Service.
|
| 245 |
1 |
0 |
|a North Korea's Nuclear Weapons Program.
|
| 264 |
|
1 |
|a [Place of publication not identified] :
|b [publisher not identified],
|c 2003.
|
| 300 |
|
|
|a 1 online resource.
|
| 336 |
|
|
|a text
|b txt
|2 rdacontent
|
| 337 |
|
|
|a computer
|b c
|2 rdamedia
|
| 338 |
|
|
|a online resource
|b cr
|2 rdacarrier
|
| 500 |
|
|
|a Record is based on bibliographic data in ProQuest U.S. Congressional Research Digital Collection (last viewed July 2010). Reuse except for individual research requires license from ProQuest, LLC.
|
| 500 |
|
|
|a CRS Report.
|
| 520 |
|
|
|a Describes North Korea's nuclear weapons program and the Dec. 2002 decision to restart the program. Covers Bush Administration policy response. Assesses the state of North Korean nuclear weapons development, and examines the diplomatic background, provisions, and costs and benefits of the U.S.-North Korean Agreed Framework of 1994 for North Korea's curtailment of the weapons program in exchange for U.S. energy, economic, and other assistance.
|
| 500 |
|
|
|a Electronic resource.
|
| 650 |
|
0 |
|a Negotiation.
|
| 650 |
|
0 |
|a Nuclear weapons.
|
| 651 |
|
0 |
|a Korea (North)
|
| 655 |
|
7 |
|a Electronic books.
|2 local
|
| 710 |
2 |
|
|a ProQuest (Firm)
|
| 776 |
0 |
8 |
|i Microfiche version:
|a Library of Congress. Congressional Research Service.
|t North Korea's Nuclear Weapons Program
|
| 830 |
|
0 |
|a U.S. Congressional Research.
|
| 856 |
4 |
0 |
|u http://proxy.library.tamu.edu/login?url=https://congressional.proquest.com/congcomp/getdoc?CRDC-ID=CRS-2003-FDT-0635
|z Connect to the full text of this electronic book
|t 0
|
| 999 |
|
|
|a MARS
|
| 999 |
f |
f |
|s 14cc89c3-8c81-3c0f-be58-dd96286c0b8d
|i ef0ebca9-9ca3-340d-9020-0b838d99bf1e
|t 0
|
| 952 |
f |
f |
|a Texas A&M University
|b College Station
|c Electronic Resources
|s www_evans
|d Available Online
|t 0
|e CRS-2003-FDT-0635
|h Other scheme
|
| 998 |
f |
f |
|a CRS-2003-FDT-0635
|t 0
|l Available Online
|